United States 'A' Geography Quiz Stats

 Plays Quiz Updated Mar 2, 2018

Challenge
Share
Tweet
Embed
Score 0/18 Timer 05:00
15 Plays Today
Hint Answer % Correct
Largest state by areaAlaska
97.4%
Ocean bordering the Eastern United StatesAtlantic Ocean
96.7%
Southern state bordering the Gulf of MexicoAlabama
96.3%
State that is part of the 4 cornersArizona
95.4%
Texas state capitalAustin
94.6%
Georgia state capitalAtlanta
93.1%
Island in the San Francisco Bay home to an abandoned prisonAlcatraz Island
92.7%
New York state capitalAlbany
92.6%
State nicknamed 'the Natural State'Arkansas
88%
Hint Answer % Correct
Resort city known for its casinos and boardwalksAtlantic City
86%
Maryland state capitalAnnapolis
83.2%
Mountain range in the Eastern United StatesAppalachian Mountains
80.5%
Maine state capitalAugusta
79.5%
Home to the Angels baseball stadiumAnaheim
75.8%
Island chain in the Northern Pacific OceanAleutian Islands
48.2%
Historic National Park in MaineAcadia National Park
38.5%
Iconic National Park in UtahArches National Park
35.9%
Unincorporated U.S. Territory in the South Pacific OceanAmerican Samoa
27.4%

You're not logged in!

Compare scores with friends on all Sporcle quizzes.
OR
Log In

You Might Also Like...

Show Comments

Extras

Top Quizzes Today


Score Distribution

Your Account Isn't Verified!

In order to create a playlist on Sporcle, you need to verify the email address you used during registration. Go to your Sporcle Settings to finish the process.

Report this User

Report this user for behavior that violates our Community Guidelines.

Details: